Inverse polarographie und voltammetrie : neuere Verfahren zur Spurenanalyse /
Guardado en:
| Autor Principal: | |
|---|---|
| Formato: | Libro |
| Idioma: | German |
| Publicado: |
Weinheim/Bergstr. :
Verlag Chemie,
1969.
|
| Etiquetas: |
Agregar Etiqueta
Sin Etiquetas, Sea el primero en etiquetar este registro!
|
| LEADER | 00468nam a22001335a 4500 | ||
|---|---|---|---|
| 001 | EEA.libagro000552 | ||
| 008 | 130809s1969####gw#a##########000#0#ger#d | ||
| 005 | 20191125131225.0 | ||
| 245 | 1 | 0 | |a Inverse polarographie und voltammetrie : |b neuere Verfahren zur Spurenanalyse / |c Rolf Neeb. |
| 260 | |a Weinheim/Bergstr. : |b Verlag Chemie, |c 1969. | ||
| 300 | |a x, 256 p. : |b il. ; |c 23 cm. | ||
| 100 | 1 | |a Neeb, Rolf. | |
| 082 | 0 | 4 | |a 543.0872 |
| 859 | |a AR-BbBCA |b BIB. AGRONOMIA |h 543.0872 |i N358 |p 1970/0066 | ||
